000 nas a22 a 4500
999 _c4602
_d4602
003 AKMAL
005 20170605121121.0
008 170605c19979999my ar p 0 a|may |
040 _aAKMAL
049 0 0 _aAKMAL
110 2 _aPerlis
_bKastam Diraja Malaysia
_98857
245 0 0 _aLaporan Tahunan Jabatan Kastam dan Eksais Diraja Perlis
260 3 _aKangar:
_bKastam Diraja Malaysia Perlis,
_c1997-
300 _aj.:
_bil. wrn.;
_c30cm
310 _aTahunan
500 _aHuraian berdasarkan: 1997-
650 1 0 _aCustom administration
_zPerlis
_vPeriodicals
_98858
650 2 0 _aHouse organs
_zPerlis
_vPeriodicals
_98859
942 _2ddc
_cPERIODICAL